Hazardous and industrial solid waste testing, 4th symposium (Record no. 574547)

000 -LEADER
fixed length control field 00534nam a22001817a 4500
003 - CONTROL NUMBER IDENTIFIER
control field CEME
005 - DATE AND TIME OF LATEST TRANSACTION
control field 20210628203625.0
008 - FIXED-LENGTH DATA ELEMENTS--GENERAL INFORMATION
fixed length control field 210203b xxu||||| |||| 00| 0 eng d
020 ## - INTERNATIONAL STANDARD BOOK NUMBER
International Standard Book Number 0-8031-0430-8
040 ## - CATALOGING SOURCE
Transcribing agency .
082 ## - DEWEY DECIMAL CLASSIFICATION NUMBER
Classification number 628.50287 HAZ
100 ## - MAIN ENTRY--PERSONAL NAME
Personal name Petros, James K
9 (RLIN) 66606
245 ## - TITLE STATEMENT
Title Hazardous and industrial solid waste testing, 4th symposium
260 ## - PUBLICATION, DISTRIBUTION, ETC.
Place of publication, distribution, etc. NEW YORK
Name of publisher, distributor, etc. ASTM
Date of publication, distribution, etc. 1985
300 ## - PHYSICAL DESCRIPTION
Extent 371P
650 ## - SUBJECT ADDED ENTRY--TOPICAL TERM
Topical term or geographic name entry element FACTORY AND TRADE WASTE TESTING CONGRESSES, HAZARDOUS WASTES TESTING CONGRESSES
9 (RLIN) 66607
942 ## - ADDED ENTRY ELEMENTS (KOHA)
Koha item type Book
Source of classification or shelving scheme
Holdings
Withdrawn status Lost status Damaged status Not for loan Permanent Location Current Location Shelving location Date acquired Total Checkouts Full call number Barcode Date last seen Price effective from Koha item type
        College of Electrical & Mechanical Engineering (CEME) College of Electrical & Mechanical Engineering (CEME) General Stacks 07/31/2017   628.50287 HAZ CEME-37362 06/28/2021 06/28/2021 Book
© 2023 Central Library, National University of Sciences and Technology. All Rights Reserved.